000 00572nam a2200181Ia 4500
008 151018s9999 xx 000 0 und d
082 _bRBASDV34300
_a891.433
100 _aकृष्णा विनिता
245 _aनीना कि नानी
250 _b1
260 _bक्सॉलटिक्स
_c2002
300 _a12
600 _aकृष्णा विनिता
630 _aनीना कि नानी
700 _aकृष्णा विनिता
730 _aनीना कि नानी
942 _cBOOK
999 _c1033790
_d1033787